00462 2200193 4500001002100000005001500021035002000036008004100056245004600097100001200143250000600155260003600161300001100197084001400208082000800222650001400230990001200244990001200256INLIS00000000000031920240503081744 a0010-0424000295240503 0 ind 1 aMengenal Antartika dan Arktika /cWinarti aWinarti a1 aJakarta :bCempaka Putih,c2017 a52 hlm a500 WIN m a500 4aNon Fiksi a0728759 a0728760